El cuerpo en palabras : estudios sobre religión, salud y humanidad en los Andes coloniales /

Estudio que explora la manera de entender el cuerpo humano, desde una perspectiva médica, en el área de los Andes durante lo siglo XVI al XVIII. Entran en juego actores como el gobierno y la Iglesia, ya que la administración de los saberes médicos y la difusión de conceptos sobre el cuerpo humano, a...

Descripción completa

Guardado en:
Detalles Bibliográficos
Autor principal: Ramos, Gabriela (autor)
Formato: Libro
Idioma:Español
Publicado: Lima, Perú : Instituto Francés de Estudios Andinos, 2020, c2020
Temas:
Etiquetas: Agrega una etiqueta
Sin etiquetas, Sé el primero en etiquetar este registro!

MARC

LEADER 00000nam^a2200000^a^4500
001 000436703
005 20250521000000.0
009 20260310123202.11
020 |a 978-612-4358-07-4 
037 |a Acervo ITESO - Biblioteca 
041 |a ESP 
082 |a 610. 98503  |b RAM 
100 |a Ramos, Gabriela  |e (autor) 
245 1 3 |a El cuerpo en palabras :  |b estudios sobre religión, salud y humanidad en los Andes coloniales /  |c R. Ramos 
264 4 |a Lima, Perú :  |b Instituto Francés de Estudios Andinos,  |c 2020, c2020 
300 |a 193 p. 
336 |a texto  |b txt  |2 rdacontenido 
337 |a sin mediación  |b n  |2 rdamedio 
338 |a volumen  |b nc  |2 rdasoporte 
520 |a Estudio que explora la manera de entender el cuerpo humano, desde una perspectiva médica, en el área de los Andes durante lo siglo XVI al XVIII. Entran en juego actores como el gobierno y la Iglesia, ya que la administración de los saberes médicos y la difusión de conceptos sobre el cuerpo humano, así como la asistencia social estaban dominados por ides religiosas: la religión ocupaba un lugar importante en la construcción y ejercicio, desmontaje y transformación del poder. Los ámbitos de la salud, el gobierno y la religión no eran fácilmente distinguibles en esa época. 
521 |a FIL 2021 DIA 
649 |a XX 
650 |a Iglesia Católica en América del Sur -  |x Historia -  |y Epoca Colonial 
650 |a Cuerpo Humano -  |x Aspectos Eticos 
650 |a Cuerpo Humano -  |x Aspectos Sociales y Culturales 
650 |a Cuerpo Humano -  |x Tema Principal 
650 |a Cristianismo y Sociedad -  |z América del Sur -  |x Historia -  |y Epoca Colonial 
650 |a Religión -  |z América del Sur -  |x Historia -  |y Epoca Colonial 
650 |a Medicina -  |z Perú -  |x Historia -  |y Epoca Colonial, 1542-1824 
650 |a Ciencias Médicas 
650 |a Perú -  |x Historia -  |y Epoca Colonial, 1542-1824 
650 |a América del Sur -  |x Historia -  |y Epoca Colonial 
910 |a Fondo General 
920 |a Impresos - Libros 
930 |a Colección General 
905 |a 101 
901 |a 0500350380  |b IT1  |c ACC  |i C176710  |u 20250521 
902 |a https://opac.biblio.iteso.mx/vufind/Record/000436703